000 00336nam a2200133Ia 4500
008 240624s9999 xx 000 0 und d
041 _aeng
082 _a346.048 RAO
100 _aRAO A V NARSIMHA
245 _aCOPYRIGHT LAW CONCEPTS
260 _c2005
_aHyderabad
_bICFAI University
300 _av, : 195 : p. : cm. ; 23
365 _cRS
999 _c2815
_d2815